000 00829nam a2200265Ia 4500
003 GCL
008 140319s9999 xx 000 0 ara d
020 _a4190232977
040 _aGCL /
_cGCL
082 0 4 _a415.1
_bت خ
100 1 _aتمام حسان
245 1 0 _aالخلاصة النحوية /
_cتمام حسان
250 _aالثانية
260 _aالقاهرة :
_bعالم الكتب ،
_c2005
300 _a186 ص ؛
_c24 سم
650 0 4 _aالنحو - الافعال
650 0 4 _aالنحو - الاسماء
650 0 4 _aاللغة العربية - النحو
650 0 4 _aالنحو - الاستفهام
650 0 4 _aالنحو - الحروف
650 0 4 _aالنحو - الضمائر
650 0 4 _aالنحو - المفعول
650 0 4 _aالنحو - الاصوات
942 _2ddc
_cBK
999 _c9733
_d9733